00542 2200181 4500001002100000005001500021008004100036035001900077041000600096082000800102090001400110100002500124245005600149260010800205300002000313500000600333650002100339INLIS00000000000230020241224112519241224||||||||| | ||| |||| ||  0010-1224002300 a00 a607 a607 SUR k0 aR. Hidayat Suryalaga00aKiat Menjadi MC Dalam Upacara Pernikahan Adat Sunda bProyek Pembinaan dan Pengembangan Bahasa dan Satra Sunda dinas P dan K Provinsi Dati I Jawa Baratc1996 a112 hlm.; 21 cm a1 0aIlmu Pengetahuan